000 00963cab a2200277 4500
001 WB3009-25
008 090401t1994 xxu||||| |||| 00| 0 eng d
035 _a(Sirsi) u30125
041 _aeng
245 _aLegal alert
260 _c1994
350 _a0
490 _aEstates Times
_v(1225) 25 February 1994, (8)
520 _aDiscusses the "Scottish Amicable Life Assurance Society v Middleton Potts" decision(WB3008-29) concerning the entitlement of a landlord to a `headline` rate reversing the principle laid down in "Broadgate Square v Lehman Brothers"(WB3003-24) and "Cooperative Wholesale v National Westminster Bank"
650 _aCONCESSIONARY PERIODS
650 _aFITTING OUT
650 _aHEADLINE RENT
650 _aRENT FREE PERIOD
650 _aRENT REVIES
650 _aRENT REVIEW PERIODS
650 _aSUBTENANTS
650 _aUNDERLEASE
690 _aLANDLORD AND TENANT-RENT REVIEWS
942 _n0
948 _c04/03/1997
999 _c20289
_d20289